000 00642nam a22001937a 4500
999 _c7331
_d7331
003 OSt
005 20211005115422.0
008 211005b ||||| |||| 00| 0 eng d
020 _a0521369525
040 _cDDC
082 _a621.38411BUD 1985
100 _aBudden K.G.;
_915024
245 _aThe Propagation of radio waves.
_bThe theory of radio waves of low power in the ionosphere and magnetosphere.
_cEdited by Budden K.G.;
260 _aAustralia.
_bCambridge University Press.
_c1985.
300 _axvi,669p;
_bill;
_c25cm.
504 _aIncludes;Bibliography references and Index.
650 _aEngineering.
_9373
942 _2ddc
_cO_SHELF